000 00936cab a22002055a 4500
001 L153064
008 110601e20110601xxk 000 0 eng d
035 _a(Sirsi) u153064
041 0 _aeng
110 2 _aCouncil of Mortgage Lenders
_95903
245 0 0 _aCML publishes updated mortgage and housing market forecasts
_h[electronic resource]
260 _c2011
490 _aCML News and Views
_v10 1 June 2011
520 _aCouncil for Mortgage Lenders' revises its mortgage and housing market forecasts outlining its predictions up to the end of 2012. The aftermath of the global financial crisis continues to have a pronounced impact on mortgage and housing markets.
590 _aKA NTK
651 4 _aENGLAND AND WALES
690 _aPROPERTY-RESIDENTIAL PROPERTY-RESIDENTIAL PROPERTY MARKET
856 4 0 _uhttps://www.cml.org.uk/cml/publications/newsandviews/90/332
_zView this item free of charge at www.cml.org.uk
942 _n0
999 _c83177
_d83177